Results of fertiliser experiments on young rubber trees grown with legume and natural ground covers (Record no. 48720)

MARC details
000 -LEADER
fixed length control field 00635nam a2200157Ia 4500
100 ## - MAIN ENTRY--AUTHOR NAME
Personal name Potty S.N.
245 #0 - TITLE STATEMENT
Title Results of fertiliser experiments on young rubber trees grown with legume and natural ground covers
260 ## - PUBLICATION, DISTRIBUTION, ETC. (IMPRINT)
Name of publisher In: Agronomy soils physiology and economics of plantation crops: Placrosym I, 1978, Kottayam. (Ed. E.V. Nelliat). Indian Society for Plantation Crops, Kasaragod, India, pp. 141-147.
Year of publication 1978
650 ## - SUBJECT ADDED ENTRY--TOPICAL TERM
Topical Term Fertilizer response
650 ## - SUBJECT ADDED ENTRY--TOPICAL TERM
Topical Term Leguminous cover crop
700 ## - ADDED ENTRY--PERSONAL NAME
Personal name Mathew M.
700 ## - ADDED ENTRY--PERSONAL NAME
Personal name Palaniswamy R.
700 ## - ADDED ENTRY--PERSONAL NAME
Personal name Punnoose K.I.
942 ## - ADDED ENTRY ELEMENTS (KOHA)
Koha item type Bibliography STAF
Holdings
Withdrawn status Lost status Damaged status Not for loan Home library Current library Shelving location Date acquired Koha item type
      Bibliography RRII Library RRII Library Agronomy 09/04/2014 Bibliography STAF